Environmental engineering (Record no. 5357)

000 -LEADER
fixed length control field 00678nam a2200241 4500
001 - CONTROL NUMBER
control field 5357
003 - CONTROL NUMBER IDENTIFIER
control field BD-DhUET
008 - FIXED-LENGTH DATA ELEMENTS--GENERAL INFORMATION
fixed length control field 141126b xxu||||| |||| 00| 0 eng d
020 ## - INTERNATIONAL STANDARD BOOK NUMBER
International Standard Book Number 0071002316
040 ## - CATALOGING SOURCE
Transcribing agency 0
Modifying agency BD-DhUET
082 ## - DEWEY DECIMAL CLASSIFICATION NUMBER
Classification number 628
Item number PEA/1985
100 ## - MAIN ENTRY--PERSONAL NAME
Personal name Peavy, Howard S
245 ## - TITLE STATEMENT
Title Environmental engineering
250 ## - EDITION STATEMENT
Edition statement 1st ed.
260 ## - PUBLICATION, DISTRIBUTION, ETC. (IMPRINT)
Place of publication, distribution, etc. New york
Name of publisher, distributor, etc. McGraw-Hill
Date of publication, distribution, etc. 1985
300 ## - PHYSICAL DESCRIPTION
Extent xiv,699 p.+various paging
Other physical details ill.
490 ## - SERIES STATEMENT
Series statement McGraw-Hill series in water resources and environmental engineering
504 ## - BIBLIOGRAPHY, ETC. NOTE
Bibliography, etc Includes bibliographies
650 #0 - SUBJECT ADDED ENTRY--TOPICAL TERM
Topical term or geographic name as entry element Environmental engineering
700 ## - ADDED ENTRY--PERSONAL NAME
Personal name Rowe, Donald R.
700 ## - ADDED ENTRY--PERSONAL NAME
Personal name Tchobanoglous, George
942 ## - ADDED ENTRY ELEMENTS (KOHA)
Koha item type General Book
Holdings
Lost status Koha issues (times borrowed) Koha full call number Koha date last seen Koha date last borrowed Sublocation or collection (holding branch) Koha renewals Koha item type Damaged status Koha normalized classification for sorting Shelving location Not for loan Piece designation (barcode) Date acquired Copy number Withdrawn status Source of classification or shelving scheme Price effective from Location (home branch)
 9628/PEA/19852024-09-082023-12-10Central Library, BUET General Book 628PEA1985Circulation section 818962014-11-261  2014-11-26Central Library, BUET
 10628/PEA/19852024-06-022024-03-16Central Library, BUET General Book 628PEA1985Circulation section 818952014-11-262  2014-11-26Central Library, BUET
  628/PEA/19852015-06-18 Central Library, BUET Reading Item 628_000000000000000_PEA_1985Reading section 887882015-06-183  2015-06-18Central Library, BUET
  628/PEA/19852015-06-18 Central Library, BUET Reading Item 628_000000000000000_PEA_1985Reading section 875792015-06-184  2015-06-18Central Library, BUET
 2628/PEA/19852021-11-132020-03-16Central Library, BUET General Book 628_000000000000000_PEA_1985Circulation section 818941991-10-285  2017-10-31Central Library, BUET
  628 PEA/19852024-12-01 Central Library, BUET Rental Item 628_000000000000000_PEA_1985Rental section 818471991-10-28ক-৫১  2024-12-01Central Library, BUET
  628 PEA/19852024-12-01 Central Library, BUET Rental Item 628_000000000000000_PEA_1985Rental section 818741991-10-28ক-৭৮  2024-12-01Central Library, BUET
  628 PEA/19852024-12-01 Central Library, BUET Rental Item 628_000000000000000_PEA_1985Rental section 818751991-10-28ক-৭৯  2024-12-01Central Library, BUET
  628 PEA/19852024-12-01 Central Library, BUET Rental Item 628_000000000000000_PEA_1985Rental section 818761991-10-28ক-৮০  2024-12-01Central Library, BUET
  628 PEA/19852024-12-01 Central Library, BUET Rental Item 628_000000000000000_PEA_1985Rental section 818771991-10-28ক-৮১  2024-12-01Central Library, BUET
  628 PEA/19852024-12-01 Central Library, BUET Rental Item 628_000000000000000_PEA_1985Rental section 818781991-10-28ক-৮২  2024-12-01Central Library, BUET
  628 PEA/19852024-12-01 Central Library, BUET Rental Item 628_000000000000000_PEA_1985Rental section 818791991-10-28ক-৮৩  2024-12-01Central Library, BUET
  628 PEA/19852024-12-01 Central Library, BUET Rental Item 628_000000000000000_PEA_1985Rental section 818801991-10-28ক-৮৪  2024-12-01Central Library, BUET
  628 PEA/19852024-12-01 Central Library, BUET Rental Item 628_000000000000000_PEA_1985Rental section 818811991-10-28ক-৮৫  2024-12-01Central Library, BUET
  628 PEA/19852024-12-01 Central Library, BUET Rental Item 628_000000000000000_PEA_1985Rental section 818821991-10-28ক-৮৬  2024-12-01Central Library, BUET
  628 PEA/19852024-12-01 Central Library, BUET Rental Item 628_000000000000000_PEA_1985Rental section 818831991-10-28ক-৮৭  2024-12-01Central Library, BUET
  628 PEA/19852024-12-01 Central Library, BUET Rental Item 628_000000000000000_PEA_1985Rental section 818841991-10-28ক-৮৭  2024-12-01Central Library, BUET